000 00602cam a2200205 4500500
005 20260329003211.0
041 _afre
042 _adc
100 1 0 _aN’Diaye, Aïda
_eauthor
245 0 0 _aLa Révolution du féminin
260 _c2015.
500 _a74
690 _aCamille Froidevaux-Metterie
690 _aCorps
690 _aFéminisme
690 _aFemme
690 _aPhilippe Nassif
786 0 _nPhilosophie magazine | 86 | 2 | 2015-02-01 | p. 71-72 | 1951-1787
856 4 1 _uhttps://shs.cairn.info/magazine-philosophie-magazine-2015-2-page-71?lang=fr&redirect-ssocas=7080
999 _c1822319
_d1822319